000 02677cam a2200349 4500500
005 20251228052107.0
041 _afre
042 _adc
100 1 0 _aCuchet, Guillaume
_eauthor
245 0 0 _aPenser le christianisme au xixe siècle. L'éclectisme mystique d'Alphonse Gratry (1805-1872)
260 _c2014.
500 _a28
520 _aAlphonse Gratry (1805-1872) est une des figures marquantes du monde intellectuel catholique du xixe siècle. Il est aujourd’hui bien oublié mais il est à l’origine d’une œuvre originale et suggestive qu’on a beaucoup lue parmi les catholiques français jusque dans l’entre-deux-guerres. Polytechnicien et philosophe, il est à l’origine, dans le domaine de la pensée catholique, d’une lignée de penseurs indépendants du thomisme, illustrée notamment par Léon Ollé-Laprune, Maurice Blondel et Lucien Laberthonnière. L’article revient sur son œuvre philosophique, publiée pour l’essentiel sous le Second Empire, en s’attachant à présenter successivement l’homme et l’auteur, les grands axes de sa doctrine et sa réception dans l’Europe de la seconde moitié du xixe siècle.
520 _aExamining Christianity in the xixth century. The mystical eclectism of Alphonse Gratry (1805-1872)Alphonse Gratry (1805-1872) is one of the most prominent Catholic intellectuals of the xixth century. He has long been ignored in spite of having produced an original and evocative body of work which was very popular among French Catholics until the interwar period. A philosopher and graduate of the École Polytechnique, he spawned within the Catholic school of thought a line of independent Thomistic thinkers, namely Léon Ollé-Laprune, Maurice Blondel and Lucien Laberthonnière. This article delves into his philosophical œuvre, published for the most part under the Second Empire, and aims to present first the man and author, then the primary tenets of his doctrine and finally its reception in Europe throughout the second half of the xixth century.
690 _acatholicisme libéral
690 _aGratry
690 _aHegel
690 _amystique
690 _aphilosophie
690 _asecond empire
690 _aVatican I
690 _aCatholicism
690 _aGratry
690 _aHegel
690 _aliberal
690 _amysticism
690 _aphilosophy
690 _asecond empire
690 _aVatican I
786 0 _nRevue des sciences philosophiques et théologiques | 98 | 1 | 2014-07-09 | p. 75-101 | 0035-2209
856 4 1 _uhttps://shs.cairn.info/revue-des-sciences-philosophiques-et-theologiques-2014-1-page-75?lang=fr&redirect-ssocas=7080
999 _c1582806
_d1582806